[Event "BL2 Nord 1011 (Women)"]
[Site "Germany"]
[Date "2010.11.07"]
[Round "2.5"]
[White "Scholz, Jutta"]
[Black "Just, Alexandra"]
[Result "0-1"]
[WhiteElo "1560"]
[BlackElo "1824"]
[PlyCount "100"]
[EventDate "2010.11.06"]
[EventType "team-tourn"]
[EventRounds "7"]
[EventCountry "GER"]
[SourceTitle "EXT 2012"]
[Source "ChessBase"]
[SourceDate "2011.11.24"]
[SourceVersion "1"]
[SourceVersionDate "2011.11.24"]
[SourceQuality "1"]
[WhiteTeam "Potsdam USV (W)"]
[BlackTeam "Steinfurt (W)"]
[WhiteTeamCountry "GER"]
[BlackTeamCountry "GER"]

1. e4 e5 2. Nf3 Nc6 3. Bb5 Nf6 4. d3 Bc5 5. 0-0 d6 6. c3 Bd7 7. Nbd2 a6 8. Ba4 0-0 9. Bc2 Bg4 10. h3 Bh5 11. b4 Ba7 12. g4 Bg6 13. a4 b5 14. Kg2 Qd7 15. Nh4 h5 16. Nxg6 fxg6 17. g5 Nh7 18. Nf3 Ne7 19. Qd2 c6 20. d4 exd4 21. cxd4 Rae8 22. Qd3 d5 23. exd5 cxd5 24. axb5 Nf5 25. Rxa6 Bb8 26. b6 Qd6 27. Rh1 Rf7 28. h4 Nf8 29. Ne5 Rb7 30. f4 Ne7 31. b5 Qe6 32. Bd1 Rxb6 33. Rxb6 Qxb6 34. Bf3 Ba7 35. Bb2 Rd8 36. Ra1 Nc8 37. Ra6 Qb8 38. Ba3 Nb6 39. Qd2 Qc8 40. Nc6 Nc4 41. Ne7+ Kh7 42. Nxc8 Nxd2 43. Nxa7 Nc4 44. Bxf8 Rxf8 45. Bxd5 Ne3+ 46. Kg3 Nxd5 47. Rd6 Nxf4 48. b6 Ne2+ 49. Kg2 Nf4+ 50. Kg3 Ne2+ 0-1

[Event "Steinfurt Bezirksliga 0809"]
[Site "Germany"]
[Date "2008.09.27"]
[Round "1.3"]
[White "Just, Alexandra"]
[Black "Wild, Katharina"]
[Result "0-1"]
[WhiteElo "1546"]
[BlackElo "1790"]
[PlyCount "74"]
[EventDate "2008.09.27"]
[EventType "team-tourn"]
[EventRounds "9"]
[EventCountry "GER"]
[SourceTitle "EXT 2010"]
[Source "ChessBase"]
[SourceDate "2010.11.25"]
[SourceVersion "1"]
[SourceVersionDate "2010.11.25"]
[SourceQuality "1"]
[WhiteTeam "Steinfurt III"]
[BlackTeam "Steinfurt II"]
[WhiteTeamCountry "GER"]
[BlackTeamCountry "GER"]

1. e4 c6 2. c4 d5 3. Nc3 dxe4 4. Nxe4 Bf5 5. d3 e6 6. Nf3 Be7 7. Be3 Nf6 8. Nxf6+ Bxf6 9. Rb1 Nd7 10. Be2 Ne5 11. Nxe5 Bxe5 12. 0-0 Qd6 13. f4 Bd4 14. Qd2 0-0 15. g4 Qc5 16. Bxd4 Qxd4+ 17. Rf2 Bg6 18. Qc3 Qe3 19. Re1 Rad8 20. Bf1 Qd4 21. Rd1 Rd7 22. Be2 f6 23. Kf1 Rfd8 24. Qxd4 Rxd4 25. f5 Bf7 26. Kg2 exf5 27. gxf5 Bxc4 28. dxc4 Rxd1 29. Bxd1 Rxd1 30. Re2 Kf7 31. b3 g6 32. fxg6+ hxg6 33. h4 f5 34. Kg3 Rd3+ 35. Kf2 Rh3 36. Rd2 Ke6 37. c5 Rh2+ 0-1

[Event "Steinfurt Bezirksliga 0607"]
[Site "Germany"]
[Date "2007.04.28"]
[Round "9.7"]
[White "Just, Alexandra"]
[Black "Gildehaus, Simon"]
[Result "0-1"]
[WhiteElo "1847"]
[BlackElo "1517"]
[PlyCount "88"]
[EventDate "2006.09.09"]
[EventType "team-tourn"]
[EventRounds "9"]
[EventCountry "GER"]
[SourceTitle "EXT 2008"]
[Source "ChessBase"]
[SourceDate "2007.11.25"]
[SourceVersion "1"]
[SourceVersionDate "2007.11.25"]
[SourceQuality "1"]
[WhiteTeam "Steinfurt II"]
[BlackTeam "Saerbeck II"]
[WhiteTeamCountry "GER"]
[BlackTeamCountry "GER"]

1. e4 c5 2. Nf3 Nc6 3. Bc4 d6 4. d4 cxd4 5. Nxd4 Nf6 6. Nc3 e5 7. Nde2 Be7 8. 0-0 0-0 9. Be3 a6 10. a4 Be6 11. Bxe6 fxe6 12. f4 Ng4 13. Qd2 Nxe3 14. Qxe3 exf4 15. Rxf4 Rxf4 16. Nxf4 Bg5 17. Qf2 Bxf4 18. Qxf4 Qb6+ 19. Qf2 Qxb2 20. Rf1 Ne5 21. Nd1 Qb4 22. Ne3 Qxe4 23. c4 Ng6 24. Qf7+ Kh8 25. Rf3 h6 26. Nf5 exf5 27. Qxg6 Qd4+ 28. Rf2 Qd1+ 29. Rf1 Qd4+ 30. Rf2 Qd1+ 31. Rf1 Qd4+ 32. Rf2 Qxc4 33. Qxd6 Qc1+ 34. Rf1 Qe3+ 35. Rf2 Rc8 36. g3 Qc1+ 37. Rf1 Qc5+ 38. Qxc5 Rxc5 39. Rb1 Ra5 40. Rb4 b5 41. axb5 Rxb5 42. Rxb5 axb5 43. Kf2 g5 44. Ke3 Kg7 0-1

[Event "Steinfurt Bezirksliga 0506"]
[Site "Germany"]
[Date "2006.01.14"]
[Round "5.6"]
[White "Just, Alexandra"]
[Black "Richter, Michael2222"]
[Result "0-1"]
[WhiteElo "1860"]
[BlackElo "1676"]
[PlyCount "64"]
[EventDate "2005.09.24"]
[EventType "team-tourn"]
[EventRounds "9"]
[EventCountry "GER"]
[SourceTitle "EXT 2006"]
[Source "ChessBase"]
[SourceDate "2005.11.24"]
[SourceVersion "1"]
[SourceVersionDate "2005.11.24"]
[SourceQuality "1"]
[WhiteTeam "Steinfurt II"]
[BlackTeam "Reckenfeld"]
[WhiteTeamCountry "GER"]
[BlackTeamCountry "GER"]

1. e4 c5 2. Nf3 d6 3. d4 cxd4 4. Nxd4 Nf6 5. Nc3 g6 6. Bg5 Bg7 7. Qd2 Nc6 8. Bb5 Bd7 9. f3 Nxd4 10. Qxd4 Bxb5 11. Nxb5 Qa5+ 12. Nc3 Qxg5 13. 0-0 Qc5 14. Qxc5 dxc5 15. Rad1 0-0 16. b3 Rfd8 17. Ne2 Kf8 18. Nf4 Ke8 19. e5 Nh5 20. Nd3 Bh6 21. g3 b6 22. Kg2 Ng7 23. f4 Nf5 24. Rde1 e6 25. Rf2 Rac8 26. g4 Ne7 27. Nb2 b5 28. a4 a6 29. axb5 axb5 30. Nd3 Rd4 31. Rf3 c4 32. g5 cxd3 0-1

[Event "Steinfurt Bezirksliga 0506"]
[Site "Germany"]
[Date "2005.12.17"]
[Round "4.5"]
[White "Just, Alexandra"]
[Black "Schneider, Richard2222"]
[Result "1/2-1/2"]
[WhiteElo "1860"]
[BlackElo "1557"]
[PlyCount "66"]
[EventDate "2005.09.24"]
[EventType "team-tourn"]
[EventRounds "9"]
[EventCountry "GER"]
[SourceTitle "EXT 2006"]
[Source "ChessBase"]
[SourceDate "2005.11.24"]
[SourceVersion "1"]
[SourceVersionDate "2005.11.24"]
[SourceQuality "1"]
[WhiteTeam "Steinfurt II"]
[BlackTeam "Emsdetten Rochade II"]
[WhiteTeamCountry "GER"]
[BlackTeamCountry "GER"]

1. e4 c5 2. Nf3 Nc6 3. Bc4 e6 4. Nc3 a6 5. d3 b5 6. Bb3 Nge7 7. a4 b4 8. Ne2 Ng6 9. 0-0 Be7 10. d4 cxd4 11. Nexd4 Bb7 12. Re1 0-0 13. Bd2 Qb6 14. c3 Bc5 15. Be3 Nce7 16. a5 Qc7 17. Bd2 bxc3 18. Bxc3 d5 19. e5 Qb8 20. Qd2 Nc6 21. Bc2 Ncxe5 22. Qg5 Nxf3+ 23. Nxf3 h6 24. Qg4 Qf4 25. Qh5 d4 26. Qxc5 Bxf3 27. Qxd4 Qxd4 28. Bxd4 Bd5 29. Bxg6 fxg6 30. Rac1 Rf4 31. Be5 Ra4 32. Rc5 Rc4 33. Rc1 Rd8 1/2-1/2

[Event "Steinfurt Bezirksklasse 0405"]
[Site "Germany"]
[Date "2005.05.07"]
[Round "10.4"]
[White "Shefquet, Ademi"]
[Black "Just, Alexandra"]
[Result "0-1"]
[WhiteElo "1562"]
[BlackElo "1860"]
[PlyCount "137"]
[EventDate "2004.09.18"]
[EventType "team-tourn"]
[EventRounds "11"]
[EventCountry "GER"]
[SourceTitle "EXT 2006"]
[Source "ChessBase"]
[SourceDate "2005.11.24"]
[SourceVersion "1"]
[SourceVersionDate "2005.11.24"]
[SourceQuality "1"]
[WhiteTeam "Steinfurt III"]
[BlackTeam "Rheine CC"]
[WhiteTeamCountry "GER"]
[BlackTeamCountry "GER"]

1. g3 e5 2. Bg2 Bc5 3. Nc3 Nf6 4. d3 h6 5. Nf3 Nc6 6. e3 d5 7. 0-0 Bg4 8. h3 Bf5 9. Nh4 Be6 10. Na4 Bd6 11. c3 Qd7 12. d4 Bxh3 13. dxe5 Bxe5 14. Nc5 Qc8 15. Nd3 Bxg2 16. Kxg2 Bd6 17. Re1 0-0 18. Rh1 Ne7 19. Rh2 Ne4 20. Nf3 Ng6 21. Nf4 c6 22. Nd4 Nxf4+ 23. exf4 f5 24. Qh5 Rf6 25. Be3 a6 26. Rah1 c5 27. Nb3 Qe6 28. Qd1 Rg6 29. Rh3 b6 30. Re1 Qf7 31. Nc1 Rd8 32. Qh5 Bc7 33. Qe2 a5 34. Nd3 d4 35. cxd4 cxd4 36. Bc1 Qd5 37. f3 Nc5 38. b3 Re6 39. Qc2 Rxe1 40. Nxe1 d3 41. Qd2 Re8 42. Qc3 d2 43. Bxd2 Re2+ 44. Kf1 Rxd2 45. Qc4 Qxc4+ 46. bxc4 Rxa2 47. Rh5 g6 48. Rxh6 Kg7 49. Rh4 Bd8 50. Rh3 Ra3 51. Rh2 Nd3 52. Rd2 Nxe1 53. Kxe1 Be7 54. Ke2 Rc3 55. Rd7 Kf6 56. Rc7 a4 57. Rc6+ Kf7 58. Rxb6 Rxc4 59. Kd3 Rb4 60. Ra6 Rb3+ 61. Ke2 a3 62. g4 Rc3 63. g5 Rc4 64. Ke3 Bc5+ 65. Kd3 Rxf4 66. Rf6+ Kg7 67. Ra6 Rxf3+ 68. Kc4 Be7 69. Kd5 0-1

[Event "Steinfurt Bezirksklasse 0405"]
[Site "Germany"]
[Date "2005.04.16"]
[Round "9.3"]
[White "Meyer, Oliver"]
[Black "Just, Alexandra"]
[Result "0-1"]
[WhiteElo "1188"]
[BlackElo "1860"]
[PlyCount "94"]
[EventDate "2004.09.18"]
[EventType "team-tourn"]
[EventRounds "11"]
[EventCountry "GER"]
[SourceTitle "EXT 2006"]
[Source "ChessBase"]
[SourceDate "2005.11.24"]
[SourceVersion "1"]
[SourceVersionDate "2005.11.24"]
[SourceQuality "1"]
[WhiteTeam "Emsdetten Rochade IV"]
[BlackTeam "Steinfurt III"]
[WhiteTeamCountry "GER"]
[BlackTeamCountry "GER"]

1. e4 e5 2. Nf3 Nc6 3. Bc4 Bc5 4. c3 d6 5. d4 exd4 6. cxd4 Bb4+ 7. Nc3 Bg4 8. Be2 h6 9. 0-0 Nf6 10. e5 Nd7 11. exd6 Bxd6 12. Nb5 Be7 13. d5 Nb4 14. d6 cxd6 15. Nxd6+ Bxd6 16. Qxd6 Nc2 17. Rb1 Qe7 18. Qxe7+ Kxe7 19. Bd2 Rhe8 20. Rbc1 Rac8 21. Bd3 Bxf3 22. Bxc2 Bd5 23. Bb4+ Kd8 24. Bc3 Re2 25. Rfd1 Nb6 26. Bb3 Rc5 27. Bd4 Rxc1 28. Bxb6+ axb6 29. Rxc1 Bxb3 30. axb3 Rxb2 31. Kf1 Rxb3 32. Ke1 Rb2 33. Rd1+ Ke7 34. Rd2 Rxd2 35. Kxd2 Kd6 36. Kc3 Kc5 37. Kb3 Kb5 38. Kc3 Ka4 39. Kb2 Kb4 40. Kc2 Ka3 41. Kb1 Kb3 42. Kc1 b5 43. Kb1 b4 44. h3 g6 45. g3 f6 46. f3 b6 47. g4 g5 0-1